000
00351 a2200133 4500
000
nam a22 7a 4500
100
_a
गुलाम रसूल
110
_a
गुलाम रसूल
245
_a
भारत विदेश नीति
250
_a
latest edition
260
_b
satyam
_c
2025
264
_b
satyam
_c
2025
942
_c
BK
999
_c
395565
_d
395565